Жизнь на 100%: мастер-класс успеха для современной женщины

Dades bibliogràfiques
Autor principal: Рубштейн Н. Нина
Altres autors: Султанова Е. Елена, Теске О. Оксана
Sumari:Всегда ли вы довольны собой и своей жизнью? Не кажется ли вам иногда, что ваша жизнь могла быть ярче и интереснее? Устраивают ли вас отношения с родными, друзьями, любимыми и коллегами на 100%? Если вы хотите добавить в вашу жизнь счастья, в отношения с близкими — любви и тепла, в профессиональную сферу — успеха и признания, эта книга станет вашим личным консультантом и тренером по вопросам имиджа, самореализации, эффективного общения с людьми. Книга написана известным российским психологом-консультантом Ниной Рубштейн в соавторстве с лучшими мастерами ее тренинг-центра. В книгу вошли наиболее эффективные упражнения и техники из тренингов личностного роста, коммуникативных и бизнес-тренингов. Эта книга дает вам реальный шанс изменить свою жизнь к лучшему. Да, вам придется поработать над собой, но, поверьте, результат того стоит!
Idioma:rus
Publicat: Москва, Эксмо, 2009
Col·lecció:Психология. Ваш персональный тренер
Matèries:
Format: MixedMaterials Llibre
KOHA link:https://koha.lib.tpu.ru/cgi-bin/koha/opac-detail.pl?biblionumber=161453

MARC

LEADER 00000nam0a2200000 4500
001 161453
005 20231101222245.0
010 |a 9785699318360 
035 |a (RuTPU)RU\TPU\book\175072 
090 |a 161453 
100 |a 20090609d2009 m y0rusy50 ca 
101 0 |a rus 
102 |a RU 
105 |a a z 000zy 
200 1 |a Жизнь на 100%: мастер-класс успеха для современной женщины  |f Н. Рубштейн, Е. Султанова, О. Теске 
210 |a Москва  |c Эксмо  |d 2009 
215 |a 336 с.  |c ил. 
225 1 |a Психология. Ваш персональный тренер 
330 |a Всегда ли вы довольны собой и своей жизнью? Не кажется ли вам иногда, что ваша жизнь могла быть ярче и интереснее? Устраивают ли вас отношения с родными, друзьями, любимыми и коллегами на 100%? Если вы хотите добавить в вашу жизнь счастья, в отношения с близкими — любви и тепла, в профессиональную сферу — успеха и признания, эта книга станет вашим личным консультантом и тренером по вопросам имиджа, самореализации, эффективного общения с людьми. Книга написана известным российским психологом-консультантом Ниной Рубштейн в соавторстве с лучшими мастерами ее тренинг-центра. В книгу вошли наиболее эффективные упражнения и техники из тренингов личностного роста, коммуникативных и бизнес-тренингов. Эта книга дает вам реальный шанс изменить свою жизнь к лучшему. Да, вам придется поработать над собой, но, поверьте, результат того стоит! 
606 1 |a Психология пола  |2 stltpush  |3 (RuTPU)RU\TPU\subj\53138  |9 71488 
610 1 |a личность 
610 1 |a женщины 
610 1 |a гендерная психология 
610 1 |a бизнес 
610 1 |a успех 
610 1 |a карьера 
610 1 |a смысл жизни 
610 1 |a женственность 
610 1 |a привлекательность 
610 1 |a любовь 
610 1 |a ревность 
610 1 |a ответственность 
610 1 |a взаимоотношения 
610 1 |a счастье 
610 1 |a одиночество 
686 |a Ю937.3  |v LBC/SL-A  |2 rubbk 
700 1 |a Рубштейн  |b Н.  |g Нина 
701 1 |a Султанова  |b Е.  |g Елена 
701 1 |a Теске  |b О.  |g Оксана 
801 1 |a RU  |b 63413507  |c 20090609  |g PSBO 
801 2 |a RU  |b 63413507  |c 20120312  |g RCR 
942 |c BK 
959 |a 66/20090608  |d 1  |e 250,25  |f ЧЗГЛ:1